Capitales de Panamá - Estadísticas

Estadísticas generales
  • Esta prueba ha sido intentada 29 veces
  • La puntuación promedio es 9 de 15
Estadísticas de respuestas
Provincias o Comarcas Capital % Correcto
Panamá Ciudad de Panamá
100%
Chiriquí David
91%
Veraguas Santiago
91%
Herrera Chitré
82%
Colón Colón
82%
Los Santos Las Tablas
82%
Cocle Penonomé
77%
Darién La Palma
64%
Bocas del Toro Bocas del Toro
59%
Panamá Oeste La Chorrera
59%
Guna Yala El Porvenir
27%
Ngäbe-Buglé Llano Tugrí
23%
Wargandí Mortí
14%
Emberá-Wounaan Unión Chocó
14%
Madugandí Akua Yala
9%
No se encontraron pruebas coincidentes
Distribución de puntuación
Porcentaje de gente con cada puntuación
Porcentaje por número respondido
Historial de tus puntuaciones
No has intentado esta prueba.